000 00759nam a2200253 a 4500
008
020 _a027375243x (pbk.)
049 _aMAIN
090 _aHF5415
_bKOT
100 1 _aKotler, Philip.
245 1 0 _aPrinciples of marketing :
_bGlobal edition /
_cPhilip Kotler [and] Gary Armstrong.
250 _a14th ed.
260 _aHarlow :
_bPearson Education,
_cc2012.
300 _a637 p+(various pagings). :
_bcol.ill. ;
_c28 cm.
500 _aIncludes index.
504 _aIncludes bibliographic references.
650 0 _aMarketing.
700 _aArmstrong, Gary.
907 _a.b10332856
_b03-03-17
_c10-06-13
003
005 20230921163420.0
040 _cNUST
942 _cBOOKS
_kHF5415
_mKOT
_01
999 _c126240
_d126240